| 000 | 01147cam a2200337 a 4500 | ||
|---|---|---|---|
| 999 |
_c28681 _d28652 |
||
| 001 | 4702700 | ||
| 003 | EG-ScBUE | ||
| 005 | 20200908101630.0 | ||
| 008 | 820802t1981 enka f b 001 0 eng d | ||
| 020 | _a0063180308 | ||
| 020 | _a0063180480 | ||
| 040 |
_aDLC _beng _erda _cDLC _dDLC _dEG-ScBUE |
||
| 082 | 0 | 4 |
_a306.091812 _bDIC _222 |
| 100 | 1 |
_aDicken, Peter, _eauthor. |
|
| 245 | 1 | 0 |
_aModern western society : _ba geographical perspective on work, home, and well-being / _cPeter Dicken and Peter E. Lloyd, University of Manchester. |
| 264 | 1 |
_aLondon : _bHarper & Row Ltd, _c[1981] |
|
| 264 | 4 | _cc1981 | |
| 300 |
_aviii, 396 pages : _billustrations ; _c24 cm |
||
| 336 |
_2rdacontent _atext _btxt |
||
| 337 |
_2rdamedia _aunmediated _bn |
||
| 338 |
_2rdacarrier _avolume _bnc |
||
| 504 | _aIncludes bibliographical references and index. | ||
| 650 | 7 |
_aHuman geography. _2BUEsh |
|
| 650 | 7 |
_aCities and towns. _2BUEsh |
|
| 650 | 7 |
_aEconomic geography. _2BUEsh |
|
| 653 |
_bGGEN _cAugust2020 |
||
| 655 |
_vReading book _934232 |
||
| 700 | 1 |
_aLloyd, Peter E., _eauthor. |
|
| 906 |
_a7 _bcbc _corignew _d2 _encip _f19 _gy-gencatlg |
||
| 942 |
_2ddc _cBB |
||